Normal view
MARC view
- LOCAL AREA NETWORKS-COMPUTER NETWORKS ASYNCHRONOUS TRANSFER MODE WIRELESS COMMUNICATION SYSTEMS ATM WIRELESS ATM LANS
Entry Topical Term
001 - CONTROL NUMBER
- control field: 80383
003 - CONTROL NUMBER IDENTIFIER
- control field: NUST
005 - DATE AND TIME OF LATEST TRANSACTION
- control field: 20210628210646.0
008 - FIXED-LENGTH DATA ELEMENTS
- fixed length control field: 210628|| aca||aabn | a|a d
040 ## - CATALOGING SOURCE
- Original cataloging agency: NUST
- Transcribing agency: NUST
150 ## - HEADING--TOPICAL TERM
- Topical term or geographic name entry element: LOCAL AREA NETWORKS-COMPUTER NETWORKS ASYNCHRONOUS TRANSFER MODE WIRELESS COMMUNICATION SYSTEMS ATM WIRELESS ATM LANS
670 ## - SOURCE DATA FOUND
- Source citation: Work cat.: (NUST): Bing, Benny 80382, High-speed wireless atm and lans, 2000
